| 000 | 00780nam a2200253Ia 4500 | ||
|---|---|---|---|
| 003 | OSt | ||
| 005 | 20221005065903.0 | ||
| 006 | a|||||r|||| 00| 0 | ||
| 007 | ta | ||
| 008 | 221004b |||||||| |||| 00| 0 eng d | ||
| 020 |
_a9788172764760 (pbk) _c190 |
||
| 024 | _a13769 | ||
| 037 |
_b41951, 18/09/2014, Segment Book Distributors _cTextual |
||
| 040 |
_aCRL _cCRL _beng |
||
| 041 |
_2eng _aeng |
||
| 082 | _aO15,1A2, 111J2;Q4 | ||
| 100 | _aRajagopalachari C. | ||
| 245 | 0 | _aMahabharata | |
| 260 |
_aMumbai _bBharatiya Vidya Bhavan India _c2014 |
||
| 300 |
_axxiv, 483p. _ccm. |
||
| 650 | _aSANSKRIT LITERATURE | ||
| 942 |
_hO15,1A2, 111J2;Q4 _cTEXL _2cc |
||
| 999 |
_c975370 _d975370 |
||